000 00602nam a2200217 i 4500
001 13356
003 ES-MaACL
005 20230906150543.0
007 t|
008 971001s1997 sp |||| | spa j
020 _a84-89678-86-3
080 _a821.134.2-4"19"
100 1 _aFraile, Medardo.
_952103
245 1 0 _aDocumento nacional /
_cMedardo Fraile.
260 _aMadrid :
_bHuerga y Fierro,
_c[1997]
300 _a233 p. ;
_c22 cm.
490 1 _aEnsayo ;
_v10
830 0 _aEnsayo ;
_v10
_9177699
852 _aES-MaACL
_jL-20727
_z. - Dedicatoria autógrafa del autor
999 _c13356
_d13356